Papa Louie Customers Quiz - Statistics

General Stats
  • This quiz has been taken 330 times
    13 since last reset
  • The average score is 57 of 153
Answer Stats
Customer % Correct
Kingsley
83%
Marty
83%
Matt
83%
Papa Louie
83%
Wally
83%
Allan
67%
Big Pauly
67%
Captain Cori
67%
Cecilia
67%
Gino Romano
67%
Ivy
67%
Lisa
67%
Mindy
67%
Nick
67%
Penny
67%
Quinn
67%
Radlynn
67%
Rudy
67%
Scarlett
67%
Xandra
67%
Xolo
67%
Alberto
50%
Austin
50%
Carlo Romano
50%
Chase
50%
Chester
50%
Chuck
50%
Cletus
50%
Connor
50%
Crystal
50%
Foodini
50%
Georgito
50%
Greg
50%
Gremmie
50%
Hank
50%
Hugo
50%
Joy/Ninjoy
50%
Kahuna
50%
Koilee
50%
LePete
50%
Maggie
50%
Mary
50%
Mayor Mallow
50%
Moe/The Dynamoe
50%
Olga
50%
Peggy
50%
Rita
50%
Roy
50%
Sarge Fan
50%
Sasha
50%
Scooter
50%
Skip
50%
Timm
50%
Tony
50%
Utah
50%
Vicky
50%
Wendy
50%
Akari
33%
Amy
33%
Bertha
33%
Boomer
33%
Brody
33%
Bruna Romano
33%
Budwin
33%
Cherissa
33%
Clair
33%
Clover
33%
Cooper
33%
Deano
33%
Doan
33%
Edna
33%
Elle
33%
Evelyn
33%
Fernanda
33%
Franco
33%
Hacky Zak
33%
James
33%
Janana
33%
Johnny
33%
Jojo
33%
Kayla
33%
Liezel
33%
Little Edoardo
33%
Lloyd
33%
Mandi
33%
Mousse
33%
Perri
33%
Professor Fitz
33%
Prudence
33%
Rhonda
33%
Rico
33%
Robby
33%
Santa
33%
Sienna
33%
Steven
33%
Taylor
33%
Tohru
33%
Trishna
33%
Vincent
33%
Whiff
33%
Whippa
33%
Willow
33%
Yui
33%
Yuko
33%
Zoe
33%
Ally Kabam
17%
Amiria
17%
Astra
17%
Boopsy & Bill
17%
Cameo
17%
C.J. Friskins
17%
Daniela
17%
Didar
17%
Drakson
17%
Duke Gotcha
17%
Ember
17%
Emmlette
17%
Espen
17%
Gabitha
17%
Hope
17%
Iggy
17%
Indigo
17%
Isadora
17%
Julep
17%
Kaleb
17%
Kasey O
17%
Kenji
17%
Kenton
17%
Makaila
17%
Mesa
17%
Mitch
17%
Mr. Bombolony
17%
Mrs. Claus
17%
Nevada
17%
Nye
17%
Okalani
17%
Olivia
17%
Orion
17%
Pally
17%
Petrona
17%
Pinch Hitwell
17%
Ripley
17%
Rithy
17%
Rollie
17%
Seymour
17%
Shannon
17%
Simone
17%
Skyler
17%
Sprinks the Clown
17%
Sue
17%
Treble
17%
Wylan B
17%
Yippy
17%
No matching quizzes found
Score Distribution
Percent of People with Each Score
Percentile by Number Answered
Your Score History
You have not taken this quiz since the last reset